[Event "Landsturneringen 2007"]
[Site "Hamar, Hedmark NOR"]
[Date "2007.07.14"]
[Round "9"]
[White "Furnes, Torstein"]
[Black "Lahlum, Ida"]
[Result "1-0"]
[WhiteElo "1554"]
[BlackElo "1563"]
[PlyCount "65"]
[EventDate "2007.07.07"]

1. d4 d5 2. c4 dxc4 3. e4 e6 4. Bxc4 Nf6 5. Nc3 b6 6. Nf3 Bb7 7. Bd3 Nbd7 8.
O-O Be7 9. Bf4 c6 10. Rc1 Rc8 11. Re1 O-O 12. Bb1 Re8 13. Ng5 h6 14. Nxf7 Kxf7
15. e5 Nd5 16. Qh5+ Kg8 17. Bxh6 Nf8 18. Qg4 g5 19. Ne4 Rc7 20. h4 Qd7 21. Nxg5
Bxg5 22. Qxg5+ Kh8 23. Re4 Nh7 24. Qh5 Qf7 25. Qxf7 Rxf7 26. g4 Nf8 27. g5 Ng6
28. Rg4 Ndf4 29. Rf1 Ne7 30. g6 Nh3+ 31. Kg2 Nxf2 32. gxf7 Rd8 33. Bg7# 1-0

[Event "Landsturneringen 2003"]
[Site "Fredrikstad, Østfold NOR"]
[Date "2003.07.05"]
[Round "1"]
[White "Lilleøren, Mikhail"]
[Black "Lea, Per"]
[Result "1/2-1/2"]
[WhiteElo "1607"]
[BlackElo "1672"]
[PlyCount "50"]
[EventDate "2003.07.05"]

1. e4 e5 2. Nf3 Nc6 3. Bc4 Nf6 4. Ng5 d5 5. exd5 Na5 6. Bb5+ c6 7. dxc6 bxc6 8.
Be2 h6 9. Nf3 e4 10. Ne5 Qd4 11. Ng4 Bxg4 12. Bxg4 e3 13. f3 h5 14. Bf5 Qe5 15.
Bd3 exd2+ 16. Kxd2 O-O-O 17. Qe2 Nc4+ 18. Ke1 Bb4+ 19. Kf1 Qd4 20. Qf2 Rhe8 21.
Qxd4 Rxd4 22. Kf2 Bc5 23. Kg3 Bd6+ 24. Kf2 Bc5 25. Kg3 Bd6+ 1/2-1/2

[Event "Landsturneringen 2003"]
[Site "Fredrikstad, Østfold NOR"]
[Date "2003.07.06"]
[Round "2"]
[White "Lea, Per"]
[Black "Wivestad, Terje"]
[Result "0-1"]
[WhiteElo "1672"]
[BlackElo "1496"]
[PlyCount "86"]
[EventDate "2003.07.05"]

1. e4 c5 2. Nf3 Nc6 3. d4 cxd4 4. Nxd4 e6 5. c4 Bb4+ 6. Bd2 Qa5 7. Nb3 Bxd2+ 8.
N1xd2 Qg5 9. Nf3 Qg6 10. Bd3 Qxg2 11. Rg1 Qh3 12. Rxg7 Qh6 13. Rg5 b6 14. Qd2
Qf6 15. Be2 Bb7 16. c5 bxc5 17. Nxc5 O-O-O 18. Nxb7 Kxb7 19. Rb5+ Ka8 20. e5
Qg7 21. Qd6 Nge7 22. Qc7 Rb8 23. Qxd7 Rxb5 24. Bxb5 Nxe5 25. Nxe5 Qxe5+ 26. Kf1
Rb8 27. a4 Rb7 28. Qe8+ Qb8 29. Rd1 Qxe8 30. Bxe8 f6 31. Rd2 a6 32. Bh5 Nd5 33.
Bf3 Rd7 34. Ke2 Ka7 35. h3 Nf4+ 36. Kd1 Rxd2+ 37. Kxd2 Nxh3 38. Bg4 Nf4 39. Ke3
Nd5+ 40. Kd4 f5 41. Bf3 Kb6 42. Bxd5 exd5 43. b4 h5 0-1

[Event "Landsturneringen 2003"]
[Site "Fredrikstad, Østfold NOR"]
[Date "2003.07.07"]
[Round "3"]
[White "Andersen, Dag"]
[Black "Lea, Per"]
[Result "1-0"]
[WhiteElo "1615"]
[BlackElo "1672"]
[PlyCount "83"]
[EventDate "2003.07.05"]

1. d4 d5 2. Nf3 Nf6 3. g3 g6 4. c4 c6 5. Bg2 Bg7 6. O-O O-O 7. Na3 Nbd7 8. cxd5
cxd5 9. b3 b6 10. Bb2 Bb7 11. Rc1 Rc8 12. Qd3 a6 13. Nc2 b5 14. Ne3 Qb6 15. Ne5
e6 16. h4 Nxe5 17. dxe5 Nd7 18. Ng4 f5 19. exf6 Nxf6 20. Nxf6+ Bxf6 21. Rxc8
Bxc8 22. Bxf6 Rxf6 23. Qc3 Rf8 24. e3 Bb7 25. Bh3 Qd6 26. Rd1 Rc8 27. Qf6 Rc6
28. Bg2 Qf8 29. Qe5 Qd6 30. Qg5 Rc7 31. h5 Qe7 32. Qe5 Rd7 33. Bh3 Kf7 34. Rd4
g5 35. Qh8 Qf6 36. Qxh7+ Ke8 37. Qg8+ Ke7 38. f4 gxf4 39. Rxf4 Qh6 40. Rf7+ Kd6
41. Rxd7+ Kxd7 42. Qf7+ 1-0

[Event "Landsturneringen 2003"]
[Site "Fredrikstad, Østfold NOR"]
[Date "2003.07.07"]
[Round "4"]
[White "Lea, Per"]
[Black "Salvesen, Bjørn"]
[Result "1-0"]
[WhiteElo "1672"]
[BlackElo "1515"]
[PlyCount "99"]
[EventDate "2003.07.05"]

1. e4 c5 2. Nf3 Nc6 3. d4 cxd4 4. Nxd4 e5 5. Nb5 a6 6. Nd6+ Bxd6 7. Qxd6 Qf6 8.
Qd1 Qg6 9. Nc3 d5 10. Qxd5 Nf6 11. Qd3 Be6 12. f3 Rd8 13. Qe2 O-O 14. Qf2 Rd6
15. Bd2 Rfd8 16. O-O-O Ne8 17. a3 f5 18. Bd3 Qf7 19. exf5 Bxf5 20. Bxf5 Qxf5
21. Be3 Nd4 22. Bxd4 exd4 23. Ne4 Rc6 24. Rxd4 Rdc8 25. Rd2 Qf4 26. Kb1 Nc7 27.
g3 Qf8 28. Rc1 Nb5 29. Qe3 Qe7 30. Rd3 Nd6 31. Nxd6 Qxe3 32. Rxe3 Rxd6 33. c3
Rcd8 34. Rce1 Rd2 35. R1e2 Rxe2 36. Rxe2 Kf7 37. Kc2 Kf6 38. f4 h6 39. g4 g6
40. h4 h5 41. gxh5 gxh5 42. Re5 Kg6 43. Rg5+ Kh6 44. Re5 Rg8 45. Re6+ Kh7 46.
Re7+ Kh8 47. Rxb7 Rg4 48. Rb6 Rxh4 49. Rxa6 Rxf4 50. Rh6+ 1-0

[Event "Landsturneringen 2003"]
[Site "Fredrikstad, Østfold NOR"]
[Date "2003.07.08"]
[Round "5"]
[White "Johansen, Anders Sten"]
[Black "Lea, Per"]
[Result "1/2-1/2"]
[WhiteElo "1620"]
[BlackElo "1672"]
[PlyCount "51"]
[EventDate "2003.07.05"]

1. e4 e5 2. Nf3 Nc6 3. Bb5 a6 4. Ba4 b5 5. Bb3 Nf6 6. O-O Be7 7. Re1 d6 8. c3
Bg4 9. h3 Bh5 10. d4 exd4 11. cxd4 Bxf3 12. gxf3 O-O 13. f4 Na5 14. Bc2 c5 15.
d5 Re8 16. Nd2 Bf8 17. Nf1 g6 18. Ng3 Bg7 19. f5 Nc4 20. fxg6 fxg6 21. Rb1 Nd7
22. b3 Nce5 23. f4 Qh4 24. Kg2 Nf7 25. Qg4 Qxg4 26. hxg4 1/2-1/2

[Event "Landsturneringen 2003"]
[Site "Fredrikstad, Østfold NOR"]
[Date "2003.07.09"]
[Round "6"]
[White "Lea, Per"]
[Black "Flo, Steinar"]
[Result "0-1"]
[WhiteElo "1672"]
[BlackElo "1451"]
[PlyCount "114"]
[EventDate "2003.07.05"]

1. e4 d6 2. d4 Nf6 3. Nc3 g6 4. Bc4 Bg7 5. f4 O-O 6. Nf3 c6 7. a4 Bg4 8. O-O d5
9. exd5 cxd5 10. Bb3 Nc6 11. h3 Bxf3 12. Rxf3 e6 13. Ne2 Ne4 14. c3 Ne7 15. Ng3
Nxg3 16. Rxg3 Nf5 17. Rf3 Rc8 18. Bc2 Nd6 19. Qe2 Re8 20. Re3 Nc4 21. Rd3 Qb6
22. Rb1 e5 23. fxe5 Rxe5 24. Qf2 Re6 25. Rd1 Rce8 26. Bd3 Qc7 27. Bf4 Qe7 28.
Bxc4 dxc4 29. d5 Re2 30. d6 Qe6 31. Qf3 Bf8 32. Qd5 Qd7 33. Qxc4 R2e6 34. Rd4
Bxd6 35. Qd3 Bc5 36. Kh2 Bxd4 37. Qxd4 Qxd4 38. cxd4 Rd8 39. Rd1 Rd5 40. Kg3
Kg7 41. Kf3 f6 42. Rd3 Kf7 43. Bd2 Rf5+ 44. Kg3 Rd6 45. Bc3 Rd7 46. a5 Ke6 47.
Re3+ Kd5 48. Re8 a6 49. Rc8 Rf1 50. Kh2 Rc1 51. Kg3 Ke4 52. Kf2 Rc2+ 53. Kf1 f5
54. Re8+ Kd3 55. Re1 Rxc3 56. bxc3 Kxc3 57. Rc1+ Kb4 0-1

[Event "Landsturneringen 2003"]
[Site "Fredrikstad, Østfold NOR"]
[Date "2003.07.10"]
[Round "7"]
[White "Bue, Gunnar"]
[Black "Lea, Per"]
[Result "1/2-1/2"]
[WhiteElo "1581"]
[BlackElo "1672"]
[PlyCount "35"]
[EventDate "2003.07.05"]

1. d4 d5 2. Nf3 Nf6 3. c4 e6 4. e3 Be7 5. Bd3 dxc4 6. Bxc4 O-O 7. O-O b6 8. b3
Bb7 9. Bb2 Nbd7 10. Nbd2 c5 11. Rc1 cxd4 12. exd4 Bd5 13. Bd3 Rc8 14. Qe2 Rxc1
15. Rxc1 Qb8 16. Ne5 Rc8 17. Rxc8+ Qxc8 18. Ndc4 1/2-1/2

[Event "Landsturneringen 2003"]
[Site "Fredrikstad, Østfold NOR"]
[Date "2003.07.11"]
[Round "8"]
[White "Lea, Per"]
[Black "Sawa, Sven"]
[Result "1-0"]
[WhiteElo "1672"]
[BlackElo "1617"]
[PlyCount "83"]
[EventDate "2003.07.05"]

1. e4 e6 2. d4 d5 3. Nc3 dxe4 4. Nxe4 Nf6 5. Bg5 Be7 6. Nxf6+ Bxf6 7. Bxf6 Qxf6
8. Qd2 O-O 9. Bd3 c5 10. Ne2 cxd4 11. Nxd4 e5 12. Nb5 Qb6 13. c4 Rd8 14. Qc2 h6
15. O-O Be6 16. c5 Qc6 17. Rfd1 Na6 18. Rac1 e4 19. Be2 Rxd1+ 20. Qxd1 Bxa2 21.
b3 Bxb3 22. Qxb3 Nxc5 23. Qa3 b6 24. Nxa7 Qd7 25. Ra1 Qd2 26. Qa2 e3 27. Qxd2
exd2 28. Ra3 Ne4 29. Kf1 b5 30. Bf3 b4 31. Ra1 f5 32. Ke2 b3 33. Bxe4 b2 34.
Rb1 fxe4 35. Nb5 Rd8 36. Nc3 Rd3 37. Nd1 Rb3 38. Rxb2 Rxb2 39. Nxb2 Kf7 40.
Kxd2 Ke6 41. Ke3 Kf5 42. Nc4 1-0

[Event "Landsturneringen 2003"]
[Site "Fredrikstad, Østfold NOR"]
[Date "2003.07.12"]
[Round "9"]
[White "Rangøy, Tormod"]
[Black "Lea, Per"]
[Result "0-1"]
[WhiteElo "1687"]
[BlackElo "1672"]
[PlyCount "44"]
[EventDate "2003.07.05"]

1. e4 e5 2. Nf3 Nc6 3. d4 exd4 4. Bc4 Nf6 5. e5 d5 6. Bb5 Ne4 7. Nxd4 Bd7 8.
Bxc6 bxc6 9. O-O Bc5 10. c3 O-O 11. Nd2 Nxd2 12. Bxd2 f6 13. Nb3 Bb6 14. Bf4
fxe5 15. Bxe5 Rf5 16. Bd4 Qh4 17. Nc5 Rh5 18. f3 Qxh2+ 19. Kf2 Bh3 20. Rg1 Rg5
21. Qf1 Re8 22. Rh1 Rxg2+ 0-1

[Event "Landsturneringen 2000"]
[Site "Asker, Akershus NOR"]
[Date "2000.07.09"]
[Round "1"]
[White "Lea, Per"]
[Black "Johannesen, Kai Ingolf"]
[Result "1-0"]
[WhiteElo "1684"]
[BlackElo "1563"]
[PlyCount "107"]
[EventDate "2000.07.09"]

1. e4 c5 2. Nf3 e6 3. d4 cxd4 4. Nxd4 Nc6 5. Nc3 a6 6. Be2 Qc7 7. Nxc6 bxc6 8.
O-O Nf6 9. Be3 Be7 10. f4 O-O 11. e5 Nd5 12. Nxd5 cxd5 13. Rc1 Bc5 14. Bxc5
Qxc5+ 15. Kh1 Bb7 16. c4 Rfc8 17. a3 a5 18. cxd5 Qxd5 19. Qxd5 Bxd5 20. Bb5 Bc6
21. Bxc6 dxc6 22. Rc5 Rab8 23. Rf2 Rb5 24. Rfc2 Rd8 25. h3 Kf8 26. Rxc6 Ke8 27.
Kg1 Rbd5 28. R6c5 Rd1+ 29. Kh2 a4 30. Kg3 R1d3+ 31. Kg4 h6 32. R5c4 R3d4 33.
Rxd4 Rxd4 34. Rc8+ Kd7 35. Rc2 Ke7 36. Kf3 g6 37. Ke3 Rd7 38. Rc4 Rb7 39. Rb4
Rc7 40. Rxa4 Rc2 41. Ra7+ Ke8 42. b4 Rxg2 43. b5 Rg3+ 44. Kf2 Rb3 45. a4 Rb4
46. Ke3 Rb3+ 47. Kd4 Rb4+ 48. Kc5 Rxf4 49. b6 Rf1 50. b7 Rc1+ 51. Kb5 Rb1+ 52.
Ka6 Kd8 53. Ra8+ Kc7 54. Rc8+ 1-0

[Event "Landsturneringen 2000"]
[Site "Asker, Akershus NOR"]
[Date "2000.07.10"]
[Round "2"]
[White "Larsen, Thomas G"]
[Black "Lea, Per"]
[Result "0-1"]
[WhiteElo "1563"]
[BlackElo "1684"]
[PlyCount "86"]
[EventDate "2000.07.09"]

1. Nf3 Nf6 2. g3 g6 3. Bg2 Bg7 4. d3 d5 5. Nbd2 O-O 6. O-O c5 7. e4 dxe4 8.
dxe4 Nc6 9. Re1 Qc7 10. c3 e5 11. a4 b6 12. Nc4 Rd8 13. Qe2 Ba6 14. Rb1 Na5 15.
b3 Nxc4 16. bxc4 Ne8 17. Be3 Qd7 18. a5 Rab8 19. axb6 axb6 20. Red1 Qc6 21. Rd5
Rxd5 22. exd5 Qxd5 23. cxd5 Bxe2 24. Nd2 Bf8 25. f4 Bd6 26. fxe5 Bxe5 27. Bxc5
bxc5 28. Re1 Bxc3 29. Rxe2 Nd6 30. Ne4 Bd4+ 31. Kf1 Nc4 32. Ra2 Ne3+ 33. Ke1
Nxd5 34. Nxc5 Nc3 35. Ra5 Rb1+ 36. Kd2 Rb2+ 37. Kd3 Bxc5 38. Rxc5 Rxg2 39. Rxc3
Rxh2 40. Ke4 h5 41. Kf4 Kg7 42. Kg5 Rh3 43. Rf3 h4 0-1

[Event "Landsturneringen 2000"]
[Site "Asker, Akershus NOR"]
[Date "2000.07.11"]
[Round "4"]
[White "Lea, Per"]
[Black "Harstad, Christian"]
[Result "1-0"]
[WhiteElo "1684"]
[BlackElo "1609"]
[PlyCount "67"]
[EventDate "2000.07.09"]

1. e4 e5 2. Nf3 Nc6 3. Bb5 a6 4. Ba4 Nf6 5. O-O b5 6. Bb3 Nxe4 7. d4 d5 8. dxe5
Be6 9. Qe2 Be7 10. Rd1 O-O 11. c4 bxc4 12. Bxc4 Qb8 13. Bxd5 Bxd5 14. Rxd5 Nb4
15. Rd7 Nc5 16. Rxe7 Nc6 17. Rxf7 Rxf7 18. Ng5 Qb4 19. Nxf7 Kxf7 20. Nd2 Nd4
21. Qc4+ Qxc4 22. Nxc4 Ke6 23. Be3 Rd8 24. g3 Nd3 25. Bxd4 Rxd4 26. b3 Re4 27.
Kf1 Nxe5 28. Nxe5 Rxe5 29. Re1 Kd5 30. Rxe5+ Kxe5 31. f4+ Kd4 32. f5 c5 33. g4
Ke3 34. g5 1-0

[Event "Landsturneringen 2000"]
[Site "Asker, Akershus NOR"]
[Date "2000.07.12"]
[Round "5"]
[White "Syvertsen, Rolf"]
[Black "Lea, Per"]
[Result "1-0"]
[WhiteElo "1603"]
[BlackElo "1684"]
[PlyCount "37"]
[EventDate "2000.07.09"]

1. d4 d5 2. c4 e5 3. dxe5 d4 4. Nf3 Nc6 5. g3 Bg4 6. Bg2 Qd7 7. O-O O-O-O 8.
Qb3 Bh3 9. Rd1 Bxg2 10. Kxg2 Bc5 11. Nc3 Na5 12. Qa4 Nc6 13. a3 Qe8 14. Ne4 Bf8
15. b4 Kb8 16. Bf4 h6 17. b5 g5 18. bxc6 gxf4 19. Rab1 1-0

[Event "Landsturneringen 2000"]
[Site "Asker, Akershus NOR"]
[Date "2000.07.12"]
[Round "6"]
[White "Lea, Per"]
[Black "Schjeldrup, Nils-J"]
[Result "1/2-1/2"]
[WhiteElo "1684"]
[BlackElo "1610"]
[PlyCount "44"]
[EventDate "2000.07.09"]

1. e4 c5 2. Nf3 d6 3. d4 cxd4 4. Nxd4 Nf6 5. Nc3 g6 6. f4 Nc6 7. Nxc6 bxc6 8.
e5 Nd7 9. exd6 exd6 10. Be3 Nf6 11. Be2 Be7 12. Bf3 d5 13. O-O h5 14. Qe2 O-O
15. Rad1 Re8 16. Rfe1 Bc5 17. Qd2 Rxe3 18. Rxe3 Qb6 19. Rde1 Bf5 20. Na4 Bxe3+
21. Rxe3 Qb5 22. b3 Re8 1/2-1/2

[Event "Landsturneringen 2000"]
[Site "Asker, Akershus NOR"]
[Date "2000.07.13"]
[Round "7"]
[White "Nestande, Per"]
[Black "Lea, Per"]
[Result "0-1"]
[WhiteElo "1658"]
[BlackElo "1684"]
[PlyCount "84"]
[EventDate "2000.07.09"]

1. e4 e5 2. Nf3 Nc6 3. Bb5 a6 4. Bxc6 dxc6 5. O-O Bg4 6. h3 h5 7. d3 Bxf3 8.
Qxf3 Qd7 9. Be3 Be7 10. Rd1 g5 11. Nd2 g4 12. Qg3 gxh3 13. Qxh3 Qxh3 14. gxh3
Nf6 15. d4 Rg8+ 16. Kf1 exd4 17. Bxd4 O-O-O 18. Bxf6 Bxf6 19. Rab1 Rge8 20. Nc4
Rxd1+ 21. Rxd1 Rxe4 22. b3 b5 23. Ne3 Bd4 24. Ke2 c5 25. Kf3 Re6 26. Nf5 Rf6
27. Kf4 Bxf2 28. Kg5 Re6 29. Kxh5 Re2 30. Rc1 b4 31. Kg5 Kd7 32. h4 Ke6 33.
Ng7+ Ke5 34. Nf5 Be1 35. Kg4 Re4+ 36. Kf3 Kxf5 37. h5 Bd2 38. Rd1 Rd4 39. Ke2
Re4+ 40. Kxd2 Rd4+ 41. Kc1 Rxd1+ 42. Kxd1 Kg5 0-1

[Event "Landsturneringen 2000"]
[Site "Asker, Akershus NOR"]
[Date "2000.07.14"]
[Round "8"]
[White "Hammersland, Arne Henrik"]
[Black "Lea, Per"]
[Result "1/2-1/2"]
[WhiteElo "1690"]
[BlackElo "1684"]
[PlyCount "50"]
[EventDate "2000.07.09"]

1. c4 c5 2. Nf3 Nf6 3. d4 cxd4 4. Nxd4 d5 5. cxd5 Nxd5 6. e4 Nb6 7. Bb5+ Bd7 8.
O-O e5 9. Bxd7+ Qxd7 10. Nb3 Nc6 11. Qxd7+ Nxd7 12. Nc3 Nf6 13. Bg5 Be7 14.
Rfd1 Rd8 15. Rxd8+ Kxd8 16. Rd1+ Kc8 17. f3 Rd8 18. Rxd8+ Kxd8 19. Be3 b6 20.
a3 Kc7 21. Kf2 a6 22. Na4 b5 23. Nac5 Nb8 24. Ke2 Nfd7 25. Kd3 Nxc5+ 1/2-1/2

[Event "Landsturneringen 2000"]
[Site "Asker, Akershus NOR"]
[Date "2000.07.15"]
[Round "9"]
[White "Lea, Per"]
[Black "Akre-Aas, Halfdan"]
[Result "1-0"]
[WhiteElo "1684"]
[BlackElo "1554"]
[PlyCount "35"]
[EventDate "2000.07.09"]

1. e4 c5 2. Nf3 Nc6 3. d4 cxd4 4. Nxd4 a6 5. Nc3 e6 6. Be2 Bc5 7. Be3 Qc7 8.
Nxe6 dxe6 9. Bxc5 Nge7 10. Qd6 Qxd6 11. Bxd6 O-O 12. O-O-O Re8 13. Rd2 b5 14.
Rhd1 e5 15. Bxe7 Nxe7 16. Rd8 Kf8 17. Rxe8+ Kxe8 18. Nxb5 1-0

[Event "Landsturnering 2000 kl. Senior"]
[Site "Asker"]
[Date "2000.07.12"]
[Round "5"]
[White "Simonsen, Steinar"]
[Black "Sondresen, Per"]
[Result "0-1"]
[WhiteElo "1560"]
[BlackElo "1802"]
[PlyCount "52"]
[EventDate "2000.07.09"]

1. e4 c5 2. Nf3 d6 3. d4 cxd4 4. Nxd4 Nf6 5. Nc3 a6 6. f4 Qc7 7. Be2 b5 8. Bf3
Bb7 9. O-O e5 10. Nf5 g6 11. Ne3 Nbd7 12. Ned5 Bxd5 13. Nxd5 Nxd5 14. exd5 Bg7
15. c3 O-O 16. fxe5 Nxe5 17. Bf4 b4 18. Bxe5 Bxe5 19. Rc1 bxc3 20. bxc3 Qa5 21.
Qd3 Rac8 22. h4 Rxc3 23. Qd2 Rfc8 24. h5 Qc5+ 25. Kh1 Rxc1 26. Bd1 Qd4 0-1

[Event "Landsturnering 2000 kl. Senior"]
[Site "Asker"]
[Date "2000.07.10"]
[Round "3"]
[White "Støre, Thor"]
[Black "Simonsen, Steinar"]
[Result "1/2-1/2"]
[WhiteElo "1562"]
[BlackElo "1560"]
[PlyCount "64"]
[EventDate "2000.07.09"]

1. e4 e5 2. Nf3 Nc6 3. Bb5 a6 4. Bxc6 dxc6 5. d4 exd4 6. Qxd4 Bg4 7. Nbd2 Qxd4
8. Nxd4 O-O-O 9. c3 Nf6 10. f3 Bh5 11. N2b3 c5 12. Ne2 h6 13. Be3 b6 14. Nf4
Bg6 15. Nxg6 fxg6 16. Ke2 g5 17. Rad1 Bd6 18. Nd2 Rhe8 19. Nc4 Bf4 20. g3 Bxe3
21. Nxe3 g4 22. Rxd8+ Kxd8 23. Rd1+ Kc8 24. Nxg4 Nxg4 25. fxg4 Rxe4+ 26. Kf3
Re7 27. h4 Kb7 28. Rd2 b5 29. g5 hxg5 30. hxg5 a5 31. b3 Kb6 32. a3 b4 {
(De resterende trekkene lar seg ikke tyde på noteringsskjemaet ...)} 1/2-1/2

[Event "Landsturnering 2000 kl. Mester"]
[Site "Asker"]
[Date "2000.07.09"]
[Round "2"]
[White "Christenson, Flemming"]
[Black "Ådnøy, Hallvard Voll"]
[Result "0-1"]
[WhiteElo "2215"]
[BlackElo "2117"]
[PlyCount "62"]
[EventDate "2000.07.09"]

1. d4 Nf6 2. Nf3 e6 3. e3 c5 4. Bd3 b6 5. O-O Bb7 6. b3 Be7 7. Bb2 O-O 8. Nbd2
cxd4 9. exd4 d6 10. c4 Nbd7 11. Qe2 Re8 12. Rfe1 Nf8 13. Ng5 N6d7 14. Ngf3 Ng6
15. Qe3 Nf6 16. h3 Nh5 17. Rad1 Nhf4 18. Bb1 Rc8 19. Ne4 Rc7 20. d5 f5 21. Nc3
Bg5 22. Nxg5 Qxg5 23. Qg3 Qh5 24. f3 Rce7 25. Ba3 exd5 26. Rxe7 Rxe7 27. Bxd6
Ne2+ 28. Nxe2 Rxe2 29. cxd5 Nh4 30. Kh1 Rxg2 31. Qe1 Rh2+ 0-1

[Event "Landsturnering 2000 kl. Mester"]
[Site "Asker"]
[Date "2000.07.10"]
[Round "2"]
[White "Solem, Trond"]
[Black "Moen, Andreas"]
[Result "1-0"]
[WhiteElo "2036"]
[BlackElo "2144"]
[PlyCount "47"]
[EventDate "2000.07.09"]

1. d4 d5 2. c4 dxc4 3. e3 e5 4. Bxc4 exd4 5. exd4 Bd6 6. Nf3 Ne7 7. Ng5 Nd5 8.
O-O c6 9. Re1+ Kf8 10. Qh5 g6 11. Qf3 f6 12. Nc3 Kg7 13. Nf7 Kxf7 14. Nxd5 Kg7
15. Nxf6 Bf5 16. Nh5+ gxh5 17. Qxf5 Rf8 18. Qxh5 Qf6 19. Bg5 Qxf2+ 20. Kh1 Kh8
21. Rf1 Qxd4 22. Rxf8+ Bxf8 23. Qf7 Nd7 24. Qg8# 1-0

[Event "Landsturnering 2000 kl. 2"]
[Site "Asker"]
[Date "2000.07.10"]
[Round "3"]
[White "Moberg, Jan Rune"]
[Black "Pham, Toan Thanh"]
[Result "1-0"]
[WhiteElo "1488"]
[BlackElo "1722"]
[PlyCount "121"]
[EventDate "2000.07.09"]

1. Nf3 Nf6 2. c4 e6 3. g3 b6 4. Bg2 Bb7 5. O-O Be7 6. Nc3 O-O 7. d3 d6 8. Bd2
Nbd7 9. Re1 Qc8 10. e4 Ne5 11. Qe2 c5 12. Nxe5 dxe5 13. f4 Nd7 14. Bh3 Re8 15.
f5 Nf8 16. Rf1 Qd8 17. Be3 Bg5 18. Bf2 Qe7 19. Rad1 Red8 20. Bg4 Rd7 21. h4 Bf6
22. fxe6 fxe6 23. Rd2 Bc6 24. a4 a6 25. Be3 Rad8 26. Rfd1 Rc7 27. Qf2 a5 28.
Kh2 Qe8 29. b3 Rf7 30. Rf1 Be7 31. Qxf7+ Qxf7 32. Rxf7 Kxf7 33. Rf2+ Ke8 34.
Be2 Bf6 35. Kh3 Ke7 36. g4 g6 37. Rxf6 Rxd3 38. Bxd3 Kxf6 39. Bg5+ Kg7 40. Bd8
Nd7 41. Nb1 h6 42. g5 h5 43. Nd2 Kf7 44. Nf3 Ke8 45. Bc7 Ke7 46. Bxe5 Nxe5 47.
Nxe5 Be8 48. Kg3 Kd6 49. Kf4 Ke7 50. Nf3 Kd6 51. Bf1 Bc6 52. Bh3 Bd7 53. Ne5
Be8 54. Bg2 Ke7 55. Nd3 Kd6 56. Bf3 Bf7 57. Ne5 Be8 58. Bxh5 gxh5 59. g6 Ke7
60. Kg5 Kf8 61. Kxh5 1-0

[Event "Landsturnering 2000 kl. 3"]
[Site "Asker"]
[Date "2000.07.10"]
[Round "2"]
[White "Skogli, Pål"]
[Black "Høva, Frode"]
[Result "0-1"]
[WhiteElo "1420"]
[BlackElo "1418"]
[PlyCount "66"]
[EventDate "2000.07.09"]

1. e4 c5 2. Nf3 d6 3. Nc3 Nc6 4. Be2 Nf6 5. d3 g6 6. Nd5 Nxd5 7. exd5 Nd4 8. c3
Nxe2 9. Qxe2 Bg7 10. Be3 O-O 11. Qd2 e5 12. h4 Bg4 13. O-O-O b5 14. Rdg1 c4 15.
Bh6 a5 16. Bxg7 Kxg7 17. Ng5 Rh8 18. f3 Bf5 19. Ne4 cxd3 20. g4 Bxe4 21. fxe4
b4 22. c4 Rc8 23. b3 a4 24. Qxb4 axb3 25. axb3 Rb8 26. Qc3 Qb6 27. Qxd3 Ra8 28.
Kb2 Qf2+ 29. Kb1 Ra2 30. Qc3 Rha8 31. g5 Qa7 32. Rf1 Re2 33. Rxf7+ Qxf7 0-1

[Event "Landsturnering 2000 kl. 3"]
[Site "Asker"]
[Date "2000.07.15"]
[Round "9"]
[White "Sannes, Håkon"]
[Black "Olsen, Trygve"]
[Result "0-1"]
[WhiteElo "1344"]
[BlackElo "1273"]
[PlyCount "98"]
[EventDate "2000.07.09"]

1. d4 Nf6 2. c4 c6 3. Nc3 d5 4. Nf3 dxc4 5. e4 b5 6. g3 Bg4 7. e5 Nd5 8. Bg2
Qa5 9. Bd2 Nxc3 10. bxc3 e6 11. Qc2 Bf5 12. Qd1 Bd3 13. Ng1 Ba3 14. Bf1 Be4 15.
f3 Bg6 16. Nh3 h6 17. Nf4 Bh7 18. Nh5 Rg8 19. Bxh6 Qxc3+ 20. Kf2 Bc2 21. Qd2
Qxd2+ 22. Bxd2 Bb2 23. Re1 Bxd4+ 24. Kg2 Nd7 25. f4 c3 26. Be3 c5 27. Kf2 b4
28. Bc4 Nb6 29. Bb5+ Kf8 30. g4 Rb8 31. Bc6 Nc4 32. Bxd4 cxd4 33. Be4 d3 34.
Rc1 Rd8 35. Bf3 Ba4 36. Ng3 d2 37. Ra1 c2 38. Ne4 Nb2 39. Nxd2 Rxd2+ 40. Ke3
Rd7 41. f5 Ke7 42. f6+ gxf6 43. exf6+ Kxf6 44. Rhf1 Ke7 45. Kf2 Rd2+ 46. Kg1
Rc8 47. Be4 Nd3 48. Bxd3 Rxd3 49. Rac1 Rc4 0-1

[Event "Landsturnering 2000 kl. Mester"]
[Site "Asker"]
[Date "2000.07.12"]
[Round "6"]
[White "Solem, Trond"]
[Black "Trygstad, Kristian D"]
[Result "0-1"]
[WhiteElo "2036"]
[BlackElo "2196"]
[PlyCount "58"]
[EventDate "2000.07.09"]

1. d4 Nf6 2. c4 g6 3. Nc3 Bg7 4. e4 d6 5. Nge2 O-O 6. Ng3 e5 7. d5 a5 8. Be2
Na6 9. h4 c6 10. Be3 Nc5 $6 11. h5 cxd5 12. cxd5 Qb6 13. Qd2 $6 a4 $1 14. f3
Bd7 15. h6 Bh8 16. Nf5 $5 Bxf5 17. exf5 e4 $1 18. fxe4 Rfe8 19. Rh4 a3 $1 20.
Rb1 axb2 21. Rxb2 Nfxe4 $3 22. Rxe4 $6 Nxe4 23. Rxb6 Bxc3 24. Bb5 Nxd2 25. Bxe8
Rxe8 26. Kf2 Rxe3 27. Kxe3 Nc4+ 28. Kd3 Nxb6 29. Kxc3 Nxd5+ 0-1

[Event "Landsturneringen 1988"]
[Site "Asker, Akershus NOR"]
[Date "1988.07.10"]
[Round "1"]
[White "Aarthun, Rune"]
[Black "Lea, Per"]
[Result "1/2-1/2"]
[WhiteElo "1705"]
[BlackElo "1712"]
[PlyCount "74"]
[EventDate "1988.07.10"]

1. d4 d5 2. c4 e5 3. dxe5 d4 4. Nf3 Nc6 5. e4 Bg4 6. Be2 Bxf3 7. Bxf3 Nxe5 8.
O-O Nxf3+ 9. Qxf3 Qf6 10. Qg3 Qb6 11. Nd2 Ne7 12. b4 O-O-O 13. a3 g6 14. c5 Qe6
15. Bb2 Bg7 16. f4 h5 17. Rfc1 f5 18. Re1 fxe4 19. Rxe4 Qf7 20. Rae1 Nf5 21.
Qd3 Rhe8 22. Qb5 Rxe4 23. Rxe4 c6 24. Qa4 Kb8 25. b5 Qa2 26. b6 a6 27. Qc2 Qd5
28. Qc4 Qxc4 29. Nxc4 d3 30. Bxg7 Nxg7 31. Nd2 Kc8 32. Re7 Nf5 33. Rc7+ Kb8 34.
Rf7 Kc8 35. Rc7+ Kb8 36. Rf7 Kc8 37. Rc7+ Kb8 1/2-1/2

[Event "Landsturneringen 1988"]
[Site "Asker, Akershus NOR"]
[Date "1988.07.11"]
[Round "2"]
[White "Lea, Per"]
[Black "Johansen, Kai-Roger"]
[Result "1/2-1/2"]
[WhiteElo "1712"]
[BlackElo "1680"]
[PlyCount "95"]
[EventDate "1988.07.10"]

1. e4 c5 2. Nf3 d6 3. d4 cxd4 4. Nxd4 Nf6 5. Nc3 g6 6. f3 Bg7 7. Be3 O-O 8. Qd2
Nc6 9. O-O-O Bd7 10. g4 Qa5 11. Nb3 Qd8 12. h4 h5 13. Be2 Ne5 14. gxh5 Nxh5 15.
Rdg1 Rc8 16. Bd4 Nc4 17. Bxc4 Rxc4 18. Bxg7 Kxg7 19. Qg5 Rh8 20. Nd5 e6 21. Ne3
Qxg5 22. hxg5 Rcc8 23. Kd2 e5 24. Na5 b6 25. Nac4 Be6 26. b3 Rhd8 27. Nd5 Bxd5
28. exd5 Nf4 29. Ne3 b5 30. Rh2 Rh8 31. Rgh1 Rxh2+ 32. Rxh2 Rc5 33. c4 bxc4 34.
bxc4 Ra5 35. Kd1 Ra3 36. Ng4 Nh5 37. Rf2 Rc3 38. Rc2 Rxf3 39. c5 dxc5 40. d6
Rd3+ 41. Rd2 Rxd2+ 42. Kxd2 Nf4 43. Nxe5 Ne6 44. Nc6 Nxg5 45. d7 Ne6 46. d8=Q
Nxd8 47. Nxd8 f5 48. Ne6+ 1/2-1/2

[Event "Landsturneringen 1988"]
[Site "Asker, Akershus NOR"]
[Date "1988.07.11"]
[Round "3"]
[White "Lindsjørn, Trygve"]
[Black "Lea, Per"]
[Result "0-1"]
[WhiteElo "1472"]
[BlackElo "1712"]
[PlyCount "60"]
[EventDate "1988.07.10"]

1. e4 e5 2. f4 d5 3. exd5 e4 4. Nc3 Nf6 5. Bb5+ c6 6. dxc6 Nxc6 7. Qe2 Bf5 8.
d3 Bb4 9. Bd2 O-O 10. O-O-O Bg4 11. Qf2 Bxd1 12. Kxd1 Nd4 13. Bc4 Re8 14. h3
Rc8 15. g4 exd3 16. Bxd3 Bc5 17. Na4 Nb3 18. Nxc5 Nxc5 19. Qf3 Nxd3 20. cxd3
Nd5 21. Ne2 Ne3+ 22. Ke1 Qxd3 23. Bc3 Nc2+ 24. Kf2 Re3 25. Qxe3 Qxe3+ 26. Kg2
Qxe2+ 27. Kg3 Ne3 28. Re1 Qg2+ 29. Kh4 Qf2+ 30. Kg5 h6+ 0-1